| 000 | 00973cam a22003131a 4500 | ||
|---|---|---|---|
| 001 | 7853347 | ||
| 003 | OSt | ||
| 005 | 20180116183024.0 | ||
| 008 | 850131s1941 enk 000 1 eng c | ||
| 010 | _aa 42001531 | ||
| 015 | _aGB69-14456 | ||
| 020 | _a009002060X (pbk) | ||
| 035 | _a(OCoLC)11640716 | ||
| 040 |
_aNew York. Public Library _cGEU _dTxU _dUk _dDLC |
||
| 050 | 0 | 0 |
_aPZ3.W5592 _bSt _aPR6045.H127 |
| 082 | _a813.54 WHE 1941 | ||
| 100 | 1 |
_aWheatley, Dennis, _d1897-1977. |
|
| 245 | 1 | 0 |
_aStrange Conflict _cDennis Wheatley. |
| 260 |
_aLondon ; _aMelbourne : _bHutchinson, _c[1941] |
||
| 300 |
_aviii, 319 p. ; _c19 cm. |
||
| 440 | _aStrange Conflict | ||
| 500 | _aMap on lining-papers. | ||
| 500 | _aPublisher's ads xii, 32 p. at end. | ||
| 500 | _aSequel to: The devil rides out. | ||
| 510 | 4 |
_aReginald, R. Science fiction, _c15206 |
|
| 655 | 7 |
_aScience fiction. _2gsafd |
|
| 906 |
_a7 _bcbc _coclcrpl _du _encip _f19 _gy-gencatlg |
||
| 942 |
_2ddc _cBK |
||
| 999 |
_c350705 _d350705 |
||